| 000 | 00656nam a2200193 4500 | ||
|---|---|---|---|
| 001 | 112154 | ||
| 003 | ES-MaACL | ||
| 005 | 20230906185445.0 | ||
| 007 | t| | ||
| 008 | 061121s1911 fr r ||||1| fre d | ||
| 100 | 1 |
_aNicole, Georges. _985592 |
|
| 245 | 1 | 0 |
_aCatalogue des vases peints du Musée national d'Athènes : _bsupplément / _cpar Georges Nicole ; avec une préface de Maxime Collignon. |
| 260 |
_aParis : _bHonoré Champion, _c1911. |
||
| 300 |
_a2 v. (X, 351 ; [21] p. de lám.) ; _c40 cm. |
||
| 650 |
_aVasos griegos. _917750 |
||
| 650 | 4 |
_aCerámica griega. _910894 |
|
| 700 | 1 |
_aCollignon, Maxime. _939712 |
|
| 852 |
_aES-MaACL _jG-6357-58 |
||
| 999 |
_c112154 _d112154 |
||